| 000 | 00377nam a2200145Ia 4500 | ||
|---|---|---|---|
| 008 | 150201s2010 xx 000 0 und d | ||
| 082 |
_a616.0707 _bC2010O |
||
| 100 | _aEDWARD .W.ODELL | ||
| 245 | _aCLINICAL PROBLEM SOLVING IN DENTISTRY | ||
| 250 | _a3RD | ||
| 260 |
_bCHURCHILL LIVINGSTONE _aEDINBURGH _c2010 |
||
| 300 | _a1-324 | ||
| 650 | _aORAL PATHOLOGY | ||
| 942 |
_2ddc _cBK |
||
| 999 |
_c4793 _d4793 |
||